Weird Phobias - Statistics

General Stats
  • This quiz has been taken 8 times
  • The average score is 4 of 15
Answer Stats
Hint Answer % Correct
The fear of fear Phobophobia
83%
The fear of palindromes Aibohphobia
67%
The fear that somewhere out there a duck is watching you Anatidaephobia
50%
The fear of the cold Frigophobia
50%
The fear of being without a phone Nomophobia
50%
The fear of numbers Numerophobia
50%
The fear of adult men Androphobia
33%
The fear of flowers Anthophobia
17%
The fear of falling asleep Somniphobia
17%
The fear of ugliness Cacophobia
0%
The fear of teenagers Ephebiphobia
0%
The fear of work Ergophobia
0%
The fear of long words (spell it correctly) Hippopotomonstrosesquippadaliophobia
0%
The fear of everything Panophobia
0%
The fear of clothing Vestiphobia
0%
No matching quizzes found
Score Distribution
Percent of People with Each Score
Percentile by Number Answered
Your Score History
You have not taken this quiz